| 000 | 01033cam a2200289 i 4500 | ||
|---|---|---|---|
| 001 | bg | ||
| 003 | KOSZ 005 | ||
| 005 | 20190725111845.0 | ||
| 008 | 070916s1967 pl a f f 001 0 pol | ||
| 015 | _aPB 1968/33 | ||
| 040 |
_aWA N _cKOSZ 005/HR _dKOSZ 005/HR |
||
| 041 | 1 |
_apol _hcze |
|
| 080 | _a53 | ||
| 080 | _a(076) | ||
| 245 | 0 | 0 |
_aFizyka w przykładach / _c[oprac.] zespół Katedry Fizyki Politechniki w Koszycach pod kier. Wladimíra Hajko ; tł. Czesław Wachtl. |
| 246 | 1 |
_iTyt. oryg.: _aFyzika v príkladoh. |
|
| 260 |
_aWarszawa : _bWydawnictwa Naukowo-Techniczne, _c1967. |
||
| 300 |
_a412 s. : _bil. ; _c25 cm. |
||
| 504 | _aBibliogr. s. [405]-407. Indeks. | ||
| 650 | 4 | _aFizyka | |
| 655 | 4 | _aĆwiczenia i zadania | |
| 700 | 1 |
_aHajko, Vladimír. _eOprac. |
|
| 700 | 1 |
_aWachtl, Czesław. _eTł. |
|
| 710 | 2 |
_aWydawnictwa Naukowo-Techniczne _4pbl. |
|
| 856 |
_uhttp://koha.tu.koszalin.pl/cgi-bin/koha/opac-detail.pl?biblionumber=8374 _yKatalog online BPK |
||
| 942 |
_2UKD _cKS |
||
| 999 |
_c8374 _d8374 |
||